Statistics for Biggest Cities in Switzerland by Letter

Click here to take the quiz!

General Stats

  • This quiz has been taken 76 times
  • The average score is 15 of 25

Answer Stats

L etterPopulationCantonSwiss City% Correct
Z402,651ZHZürich
100%
G198,899GEGenève
97%
B170,968BSBasel
94%
L137,771VDLausanne
84%
C34,878GRChur
74%
W109,750ZHWinterthur
74%
S75,477SGSt. Gallen
74%
N33,762NENeuchâtel
71%
A21,037AGAarau
71%
T43,553BEThun
69%
F38,817FRFribourg
69%
Y29,968VDYverdon-les-Bains
60%
M26,630VDMontreux
58%
E30,222LUEmmen
53%
K40,937BEKöniz
52%
U34,310ZHUster
50%
D27,679ZHDübendorf
47%
H20,287ZHHorgen
45%
R26,956SGRapperswil-Jona
40%
V34,969GEVernier
40%
P17,972VDPully
35%
Q2,872SGQuarten
31%
I16,793ZHIllnau-Effretikon
27%
O19,581ZHOpfikon
27%
J5,707BEJegenstorf
10%

Score Distribution

Percentile by Number Answered

Percent of People with Each Score

Your Score History

You have not taken this quiz